00959nam a2200241 a 4500001001000000003000500010005001700015008004100032010001100073011001100084040000900095100003000104245011200134260004100246500006000287502011700347650005700464650002900521650003300550650004800583856001600631856007000647000113623CHAP20220329144404.0170830s2017 mx sm |||||||spa d a110084 a111056 cCHAP1 aBaas May, Ángel Antonio10aAnálisis químico de ocho leguminosas del Estado de Morelosh[En línea]cpor Ángel Antonio Baas May. aChapingo, Méx. :bEl autor,c2017. aPara ver el contenido del material haga clic en la liga aTesis (Ing. Agr. Esp. en Zootecnia) -- UACH. Departamento de Enseñanza Investigación y Servicio en Zootecnia14aLeguminosas forrajerasxFisiología y morfología.14aLeguminosasxAnálisis.14aLeguminosasxDigestibilidad.14aLeguminosasxMateria secaxDeterminación. a1 n0000684 aFinding aiduhttp://10.13.5.2/tesis/sist113623.pdfzTeclea aquí